000 00676nam a2200253Ia 4500
003 OSt
005 20220924114249.0
006 a|||||r|||| 00| 0
007 ta
008 220923b |||||||| |||| 00| 0 pan d
024 _a267692
037 _cTextual
040 _aARTS
_cARTS
_bpan
041 _2pan
_apan
082 _aO153vN3, 111G3;J6
100 _aMohan Singh
_950088
245 0 _aHistory of Punjab literature
250 _a2nd ed.
260 _aAmritsar
_bDr. Mohan Singh India
_c1956
300 _a140p.
_ccm.
650 _aPUNJABI LITERATURE
942 _hO153vN3, 111G3;J6
_cTEXL
_2CC
999 _c392748
_d392748